Mindfulness.

Mindfulness is paying attention in the present moment without judgement.

Bibliographic Details
Format: Video
Language:English
Language Notes:Closed-captions in English.
Published: London, United Kingdom : SAGE Publications Ltd., 2015.
Series:SAGE video shorts.
Subjects:
Online Access:Connect to this streaming video

MARC

Tag First Indicator Second Indicator Subfields
LEADER 00000cgm a2200000 i 4500
001 in00003754875
005 20190412191530.0
006 m|||||o||c||||||||
007 vz |za|||
007 cr |za||||||||
008 150526s2015 enk||| f |o v|eng|d
020 |a 9781473930599 (streaming video) :  |c No price 
035 |a (StDuBDS)EDZ0001158555 
040 |a StDuBDS  |b eng  |e rda  |c StDuBDS  |e pn  |d UtOrBLW 
041 0 |j eng 
050 4 |a BF637 
082 0 4 |a 158.3  |2 23 
245 0 0 |a Mindfulness. 
264 1 |a London, United Kingdom :  |b SAGE Publications Ltd.,  |c 2015. 
300 |a 1 online resource (1 video file (40 sec.)) :  |b sound, color. 
336 |a two-dimensional moving image  |b tdi  |2 rdacontent 
337 |a computer  |b c  |2 rdamedia 
338 |a online resource  |b cr  |2 rdacarrier 
490 1 |a SAGE video shorts 
511 0 |a Presenter, Jody Mardula Ph.D. 
520 8 |a Mindfulness is paying attention in the present moment without judgement. 
546 |a Closed-captions in English. 
588 |a Description based on online resource; title from home page (viewed on May 27, 2015). 
650 0 |a Counseling psychology.  |0 http://id.loc.gov/authorities/subjects/sh2005003372 
655 7 |a Nonfiction television programs.  |2 lcgft  |0 http://id.loc.gov/authorities/genreForms/gf2011026425 
655 7 |a Internet videos.  |2 lcgft  |0 http://id.loc.gov/authorities/genreForms/gf2011026337 
700 1 |a Mardula, Jody,  |e on-screen presenter. 
830 0 |a SAGE video shorts. 
856 4 0 |u http://proxy.library.tamu.edu/login?url=http://sk.sagepub.com/video/mardula-mindfulness-defi  |z Connect to this streaming video  |t 0 
999 f f |s 6f47c855-1f41-3ab1-aabd-c6723bec4639  |i 7ecd52f6-08f1-39de-9817-1e0e686e9876  |t 0 
952 f f |a Texas A&M University  |b College Station  |c Electronic Resources  |d Available Online  |t 0  |e BF637  |h Library of Congress classification 
998 f f |a BF637  |t 0  |l Available Online